A TEXT BOOK OF OPTICS (Record no. 30712)

000 -LEADER
fixed length control field 00333nam a2200145Ia 4500
008 - FIXED-LENGTH DATA ELEMENTS--GENERAL INFORMATION
fixed length control field 200615s9999||||xx |||||||||||||| ||und||
020 ## - INTERNATIONAL STANDARD BOOK NUMBER
International Standard Book Number 9788121926119
082 ## - DEWEY DECIMAL CLASSIFICATION NUMBER
Classification number 530
Item number ATE-S
100 ## - MAIN ENTRY--PERSONAL NAME
Personal name SUBRAMANYAM,N
245 #2 - TITLE STATEMENT
Title A TEXT BOOK OF OPTICS
250 ## - EDITION STATEMENT
Edition statement 1ST
260 ## - PUBLICATION, DISTRIBUTION, ETC.
Place of publication, distribution, etc. NEW DELHI
Name of publisher, distributor, etc. S.CHAND
Date of publication, distribution, etc. 2017
300 ## - PHYSICAL DESCRIPTION
Extent 727
942 ## - ADDED ENTRY ELEMENTS (KOHA)
Koha item type Book
Holdings
Withdrawn status Lost status Damaged status Not for loan Collection code Permanent Location Current Location Date acquired Cost, normal purchase price Total Checkouts Barcode Date last seen Date last checked out Price effective from Koha item type
        School of Science Central Library, MUIT, Lucknow Central Library, MUIT, Lucknow 2020-06-15 545.00 2 SOS2946 2024-12-23 2024-12-11 2020-06-15 Book

All Rights Reserved@MUIT

Powered by Koha